Cross-curricular contexts, themes and dimensions in primary schools

Αποθηκεύτηκε σε:
Λεπτομέρειες βιβλιογραφικής εγγραφής
Άλλοι συγγραφείς: Verma, G.K (Επιμελητής έκδοσης), Pumfrey, Peter D. (Επιμελητής έκδοσης)
Μορφή: Βιβλίο
Γλώσσα:English
Δημοσίευση: London : The Falmer Press, 1994
Σειρά:Cultural diversity and the curriculum ; ; 4
Θέματα:
Ετικέτες: Προσθήκη ετικέτας
Δεν υπάρχουν, Καταχωρήστε ετικέτα πρώτοι!

MARC

LEADER 00000nam a2200000 i 4500
001 1/95760
008 991208s1994 eng d
020 |a 0-7507-0146-3 
035 |l 10055443 
040 |a GR-MY-UA  |b gre  |e aacr 
041 0 |a eng 
082 0 |a 372.190941 
245 1 0 |a Cross-curricular contexts, themes and dimensions in primary schools /  |c edited by G.K. Verma, P.D. Pumfrey 
260 |a London :   |b The Falmer Press,   |c 1994 
300 |a 288 p. 
490 1 |a Cultural diversity and the curriculum  |v ; 4 
650 0 0 |a Education, Elementary  |z Great Britain  |x Curricula. 
650 0 0 |a Multicultural education  |z Great Britain. 
650 0 0 |a Minorities  |x Education  |z Great Britain. 
700 1 |a Verma, G.K.  |4 edt 
700 1 |a Pumfrey, Peter D.  |4 edt 
830 0 |a Cultural diversity and the curriculum ;  |v ; 4 
852 |a INST  |b RHODES  |e 19991208  |h 372.190941 CRO  |p 005400014200  |q 005400014200  |t BK  |y 0 
901 |a BIBL4-1999-3 
909 |a Ρ  |b 069316 
922 |a 4ΕΛΗ  |b 199910  |c ΚΠΣ/154  |d GLORY BOOKS 
970 |a ΚΟΥΛΑΚΙΟΤΗ  |b ΛΙΤΣΑ  |z 1999/12/08